000 00348nam a2200157Ia 4500
008 210716s1997 xx 000 0 und d
020 _a0380782413
041 _aeng
082 _a808.83 JOHJ
100 _aJohnston, Joan.
245 _aHeartbeat.
250 _a1
260 _aNew York
_bAvon Books
_c1997
300 _a368
650 _aNovels
999 _c200175
_d200175